Stříbrná lvice a jiné črty a povídky /

Hlavní autor: Beneš Šumavský, Václav, 1850-1934
Jazyk: Čeština
Vydáno: Praha : Šolc a Šimáček, 1930
Edice: Matice lidu (Šolc a Šimáček)
Fyzický popis: 134, [II] s. ; 8°
Knihy
Uloženo v:
LEADER 00748nam a22002172a 4500
001 000401650
003 CZ BrMZK
005 20200929204812.0
007 ta
008 980105s1930 xr f 000 0 cze d
015 |a cnb000933866 
040 |a BOA001  |b cze 
100 1 |a Beneš Šumavský, Václav,  |d 1850-1934  |7 jk01011652  |4 aut 
245 1 0 |a Stříbrná lvice a jiné črty a povídky /  |c napsal Václav Beneš Šumavský 
260 |a Praha :  |b Šolc a Šimáček,  |c 1930 
300 |a 134, [II] s. ;  |c 8° 
490 1 |a Matice lidu ;  |v roč. 59, č. 5 
830 0 |a Matice lidu (Šolc a Šimáček)  |0 s 
910 |a BOA001  |b 1-0019.862,59/5 
990 |a BK 
996 7 |b 2619801505  |c 1-0019.862,59/5  |l MZK  |r Sklad / do 1 hodiny  |n 1  |w 000401650  |u 000010  |a 1  |e BOA001  |j MZK50  |s A